000
00227nam a22000977a 4500
008
140109t xxu||||| |||| 00| 0 eng d
100
_a
Sheikh Muhammad Ibrahim Zauq
_9
587
245
_a
Diwan e Zauq
300
_a
340
942
_2
ddc
_c
BK
999
_c
16855
_d
16855